| 000 | 00489nam a2200181 a 4500 | ||
|---|---|---|---|
| 001 | 2524 | ||
| 003 | CDMR | ||
| 005 | 20130320111818.0 | ||
| 008 | 130130s1992||||||||||||||||||||||||||||d | ||
| 020 | _a8429735062 | ||
| 040 |
_aCDMR _bcat _cCPC LLEIDA |
||
| 100 | 1 |
_aDuran, Xavier _91892 |
|
| 245 | 1 | 4 |
_aLes cruïlles de la utopia _cXavier Duran |
| 260 |
_aBarcelona _c1992 _bEdicions 62 |
||
| 490 | 0 | _aCol·lecció Premis Josep Vallverdú | |
| 490 | 0 |
_aLlibres a l'abast _v267 |
|
| 942 |
_cMON _2udc |
||
| 999 |
_c2524 _d2524 |
||